Statistics for Football Quiz #1

Click here to take the quiz!

General Stats

  • This quiz has been taken 26 times
  • The average score is 9 of 10

Answer Stats

Answer% Correct
Arsenal
100%
Chelsea
100%
Juventus
100%
Liverpool
100%
Real Madrid
100%
Bayern Munich
96%
Fc Barcelona
96%
Manchester United
92%
Benfica
88%
Tottenham Hotspurs
60%

Score Distribution

Percentile by Number Answered

Percent of People with Each Score

Your Score History

You have not taken this quiz